Statistiques concernant They Shoot Pictures, Don't They? - films 841 à 860

Cliquez ici pour prendre le quiz!

Statistiques générales

  • Ce quiz a été pris 22 fois
  • Le résultat moyen est 6 sur 20

Statistiques - réponses

Réponse% Correct
Inglourious Basterds
84%
Scarface
79%
Once Upon a Time... in Hollywood
74%
Irréversible
63%
Les Aventures de Robin des Bois
63%
Diamants sur canapé
53%
Point Break
47%
Grizzly Man
32%
La Honte
21%
Les Désaxés
21%
L'Île Nue
16%
La Barbe à papa
11%
L'Invasion des profanateurs de sépultures
11%
Les Espions
5%
Le Sorgho Rouge
5%
Trop tôt, trop tard
5%
35 rhums
0%
Le Faubourg
0%
Le Meilleur des mondes possibles
0%
L'Inconnu
0%

Distribution des résultats

Percentile par nombre de réponses

% des personnes avec chaque résultat

Votre développement - résultats

Vous n’avez pas pris ce quiz